| 000 | 00424nam a22001457a 4500 | ||
|---|---|---|---|
| 003 | LK-CoDNM | ||
| 005 | 20240729134050.0 | ||
| 008 | 240729b |||||||| |||| 00| 0 eng d | ||
| 040 |
_aLK-CoDNM _dLK-CoDNM _eLK-CoDNM |
||
| 041 | _aeng | ||
| 100 | _aPenderel,J-Brodhurst,Edwin,J,Layton | ||
| 245 | _aA Glossary of English Furniture of the Historic Periods | ||
| 260 |
_aJohn Murray,Alebemarle Street,W _bLondon |
||
| 942 | _cBK | ||
| 999 |
_c146092 _d146092 |
||